000 00189 a2200097 4500
020 _a9780822566328
041 _aspa
100 _aPam Marshall
245 _aDe la Idea al Libro
942 _cBK
999 _c15761
_d15761